Biblioteca

Islam (Registro nro. 45387)

Detalles MARC
000 -LÍDER
Campo fijo de descripción fija 01330aam a2200337 4500
001 - NÚMERO DE CONTROL
Campo de control 19007
003 - IDENTIFICADOR DEL NÚMERO DE CONTROL
Campo de control CO-MdFUSB
005 - FECHA Y HORA DE LA ULTIMA TRANSACCIÓN
control field 20180622170547.0
008 - ELEMENTOS DE LONGITUD FIJA -- INFORMACIÓN GENERAL
Campo fijo de descripción fija -- Información general 170403t1999 enk||||g |||| 00| 0 eng d
020 ## - NÚMERO INTERNACIONAL NORMALIZADO PARA LIBROS
Número Internacional Normalizado del libro 1-898723-86-9
040 ## - FUENTE DE CATALOGACIÓN
Agencia de catalogación original CO-MdFUSB
Idioma de catalogación spa
Agencia que realiza la transcripción CO-MdFUSB
Agencia que realiza la modificación CO-MdFUSBC
Convenciones de la descripción rda
041 ## - CÓDIGO DE IDIOMA
Código de idioma para texto/pista de sonido o título separado eng
082 04 - NÚMERO DE CLASIFICACIÓN DECIMAL DEWEY
Número de clasificación 24
Número de la edición del Dewey G 297
Clave de autor-Numero de item N827i
100 1# - ASIENTO PRINCIPAL--NOMBRE PERSONAL
Nombre personal Norcliffe, David
Término relacionador autor
245 10 - TÍTULO
Título del Material Islam
Parte restante del título - Subtitulo : Faith and practice
Mención de responsabilidad, etc. / David Norcliffe
264 #1 - PRODUCCIÓN, PUBLICACIÓN, DISTRIBUCIÓN, MANUFACTURA, Y COPYRIGHT
Lugar de producción, publicación, distribución, manufactura Brighton, England :
Nombre del productor, publicador, distribuidor Sussex Academic Press,
Fecha de producción, publicación, distribución, manufactura, o copyright ℗1999
264 #4 - PRODUCCIÓN, PUBLICACIÓN, DISTRIBUCIÓN, MANUFACTURA, Y COPYRIGHT
Fecha de producción, publicación, distribución, manufactura, o copyright ©1999
300 ## - DESCRIPCIÓN FÍSICA
Extensión 254 páginas
Otros detalles físicos :
Dimensiones ;
336 ## - TIPO DE CONTENIDO
Fuente rdacontent
Término de tipo de contenido
Código de tipo de contenido
337 ## - TIPO DE MEDIO
Fuente rdamedia
Nombre del tipo de medio
Código del tipo de medio
338 ## - TIPO DE SOPORTE
Fuente rdacarrier
Nombre del tipo de soporte
Código Tipo de soporte
490 4# - MENCIÓN DE SERIE
Mención de serie The Sussex Library of Religious Beliefs and Practices
501 ## - NOTA DE “CON”
Nota de Contenido Incluye indices (p. 248- 254)
504 ## - NOTA DE BIBLIOGRAFÍA, ETC.
Nota de bibliografía, etc Bibliografía (p. 241- 247)
505 00 - NOTA DE CONTENIDO
Nota de contenido con formato preestablecido ¿Qué es el islam? - Los orígenes del islam - El Corán y la sharia - La historia islámica - Primeras disputas teológicas - La cultura islámica - La naturaleza del ser humano en el pensamiento islámico - Los cinco pilares del islam - El ser humano en el contexto social - Economía islámica - Musulmanes en el mundo de hoy - Islam político - Islam en el siglo XXI
563 ## - NOTA DE ENCUADERNACIÓN
Nota de encuadernación Rústico
650 #7 - ASIENTO SECUNDARIO DE MATERIA - TERMINO TEMÁTICO
9 (RLIN) 386
Término temático o nombre geográfico como elemento de entrada Religiones
653 ## - TÉRMINO DE INDIZACIÓN - NO CONTROLADO
Término no controlado Islam
942 ## - TIPO DE MATERIAL (KOHA)
Tipo de Item KOHA Libros General
Existencias
Estado de Material Estado de Perdido Forma de Clasificación Estado de Dañado No para Préstamo Colección Tomo Biblioteca de Origen Biblioteca Permanente Fecha de Adquisición Total de Préstamos Signatura Topográfica Código de Barras Última vez visto Ejemplar/Existencia Fecha de Remplazo Tipo de Material
    Dewey Decimal Classification     Colección General   Biblioteca FUSBC Biblioteca FUSBC 25/02/2015   G 297 N827i 19039 12/12/2019 Ej. 1 26/01/2016 Libros General

Biblioteca FUSBC | Teléfono: (57+4) 349 88 10 Ext. 141| WhatsApp (+57) 3005338115 
E-mail: biblioteca@unisbc.edu.co | Calle 76 87-14 Robledo Palenque, Medellín, Colombia

Con tecnología Koha